1492 1810 1015 1981 1860 1491 1509 1842 1191 1884 1908 1196 1737 1406 1443 1371 1312 1914 1999 1998 1082 1974 1710 1399 1078 1528 1089 1037 1290 1422 1155 1668 1974 1795 1476 1831 1282 1150 1620 1892 1833 1684 1144 1749 1166 1167 1964 1788 1417 1911 1375 1452 1546 1648 1151 1865 1961 1908 1271 1539 1826 1759 1542 1727 1129 1852 1378 1161 1906 1091 1349 1042 1505 1414 1605 1214 1661 1220 1520 1161 1585 1153 1316 1888 1123 1279 1936 1783 1270 1217 1151 1307 1404 1013 1475 1573 1187 1022 1040 BCNSPRNW ULIB Ver.6.0+V

เปลี่ยนเป็นภาษาไทย

Change to English
 แสดงรายละเอียดบรรณานุกรม
  กลับหน้าหลัก

Brief Record : Get Marc (ISO 2709) : E-mail record : QR code < ปิดหน้าต่าง
LEADER : 00000nam 2200000uu 4500
001    13399120829
003     ULIB
008    121018s2550||||th 000 0 tha d
020    ^a9789749773215
060 04 ^aWO100^bส732ต 2550
110 1  ^aมหาวิทยาลัยมหิดล. ^bคณะแพทยศาสตร์โรงพยาบาลรามาธิบดี.^bภาควิชาศัลยศาสตร์
245 00 ^aศัลยศาสตร์ทั่วไป :^bหน่วยศัลยศาสตร์ทั่วไปสาย B /^cบรรณาธิการ, สิโรจน์ กาญจนปัญจพล, จักรพันธ์ เอื้อนรเศรษฐ,จุมพล วิลาศรัศมี
250    ^aพิมพ์ครั้งที่ 2
260    ^aกรุงเทพฯ :^bภาควิชาศัลยศาสตร์คณะแพทยศาสตร์โรงพยาบาลรามาธิบดี มหาวิทยาลัยมหิดล,^c2550
300    ^aก-ฌ, 676 หน้า :^bภาพประกอบ ;^c30 ซม.
500    ^aศัลยศาสตร์ทั่วไป ฉบับปรับปรุงครั้งที่ 2
650  7 ^aศัลยศาสตร์
700 0  ^aสิโรจน์ กาญจนปัญจพล,^eบรรณาธิการ
700 0  ^aจักรพันธ์ เอื้อนรเศรษฐ,^eบรรณาธิการ
700 0  ^aจุมพล วิลาศรัศม,^eบรรณาธิการ
945    ^p0^l0^i15658
945    ^p0^l0^i15657
945    ^p0^l0^i16041
995    ^aกัณชพร
999 ^a ใช้งานได้ทุกระบบ
รายการนี้ยังไม่มีแท็ก
คุณยังไม่ได้ล็อกอิน คุณสามารถมีกิจกรรมร่วมกับเว็บไซต์ได้ แต่ต้องล็อกอินก่อน ::
  ล็อกอิน

รายการสื่อสารสนเทศ

ลำดับที่ ประเภท เลขเรียก/บาร์โค้ด สถานที่ สถานะ
1. วิทยาศาสตร์การแพทย์ และสุขภาพ
วิทยาศาสตร์การแพทย์ และสุขภาพ
WO100 ส732ต 2550  
  Barcode: 15658
ห้องสมุดวิทยาเขตสวรรค์ประชารักษ์
►ส่วนจัดเก็บหนังสือเก่า สปร
บนชั้น
  ขอยืม
2. วิทยาศาสตร์การแพทย์ และสุขภาพ
วิทยาศาสตร์การแพทย์ และสุขภาพ
WO100 ส732ต 2550 ฉ.2 
  Barcode: 15657
ห้องสมุดวิทยาเขตสวรรค์ประชารักษ์
►ส่วนจัดเก็บหนังสือเก่า สปร
บนชั้น
  ขอยืม
3. วิทยาศาสตร์การแพทย์ และสุขภาพ
วิทยาศาสตร์การแพทย์ และสุขภาพ
WO100 ส732ต 2550 ฉ.3 
  Barcode: 16041
ห้องสมุดวิทยาเขตสวรรค์ประชารักษ์
►ส่วนจัดเก็บหนังสือเก่า สปร
บนชั้น
  ขอยืม

รายการใกล้เคียง
    หัวเรื่อง [ศัลยศาสตร์]

BibComment


ยังไม่เคยถูกคอมเมนท์

คอมเมนท์ทรัพยากรรายการนี้
  คอมเมนท์: ศัลยศาสตร์ทั่วไป..


 Copyright 2026. Bcnsprnw @Library